[Event "Interclubs Adultes"]
[Site "?"]
[Date "2004.01.18"]
[Round "4.2"]
[White "Alessandri, Pascal"]
[Black "Bondierlange, Raymond"]
[Result "1-0"]
[WhiteElo "2044"]
[BlackElo "1740"]
[PlyCount "41"]
[EventDate "2004.??.??"]

1. e4 e5 2. f4 d5 3. exd5 e4 4. d3 Nf6 5. dxe4 Nxe4 6. Nf3 Bc5 7. Qe2 O-O 8.
Qxe4 Re8 9. Ne5 f6 10. Bd3 fxe5 11. Qxh7+ Kf8 12. Qh8+ Kf7 13. Qh5+ Kf8 14.
fxe5 Qxd5 15. Rf1+ Ke7 16. Bg5+ Kd7 17. Bf5+ Re6 18. Bxe6+ Qxe6 19. Rf7+ Kc6
20. Qf3+ Qd5 21. Rxc7+ 1-0

[Event "Interclubs Adultes"]
[Site "?"]
[Date "2004.01.18"]
[Round "4.3"]
[White "Isoardo, Jean-Luc"]
[Black "Alvarez, Stephane"]
[Result "0-1"]
[WhiteElo "1710"]
[BlackElo "2007"]
[PlyCount "40"]
[EventDate "2004.??.??"]

1. d4 d5 2. c4 e6 3. Nc3 Nf6 4. cxd5 exd5 5. Bg5 c6 6. e3 Bb4 7. Bd3 Nbd7 8.
Nf3 h6 9. Bh4 Nf8 10. Ne5 Bd6 11. O-O g5 12. Bg3 h5 13. h3 h4 14. Bh2 g4 15.
hxg4 h3 16. g5 hxg2 17. Kxg2 Rxh2+ 18. Kxh2 Ng4+ 19. Kh1 Qxg5 20. Qf3 Qh4+ 0-1

[Event "Interclubs Adultes"]
[Site "?"]
[Date "2004.01.18"]
[Round "4.4"]
[White "Dubois, Herve"]
[Black "Martin, Jean-Yves"]
[Result "0-1"]
[WhiteElo "1975"]
[BlackElo "1740"]
[PlyCount "60"]
[EventDate "2004.??.??"]

1. c4 e5 2. Nc3 f5 3. g3 Nf6 4. Bg2 d6 5. d4 e4 6. Nh3 Be7 7. e3 O-O 8. f3 Qe8
9. O-O c6 10. fxe4 fxe4 11. Nf2 d5 12. Bd2 Na6 13. Qb3 Nc7 14. cxd5 cxd5 15.
Ncxe4 Kh8 16. Nxf6 Rxf6 17. Rac1 Rc6 18. Nd3 Bd6 19. Bxd5 Nxd5 20. Qxd5 Be6 21.
Qb5 Bh3 22. Rfe1 Qe4 23. Re2 Rxc1+ 24. Bxc1 Qf3 25. Rf2 Qd1+ 26. Ne1 Qxe1+ 27.
Rf1 Bxf1 28. Qxf1 Qxf1+ 29. Kxf1 Rc8 30. Bd2 Rc2 0-1

[Event "Interclubs Adultes"]
[Site "?"]
[Date "2004.01.18"]
[Round "4.5"]
[White "Sassier, Bernard"]
[Black "Darcet, Bruno"]
[Result "0-1"]
[WhiteElo "1580"]
[BlackElo "1830"]
[PlyCount "58"]
[EventDate "2004.??.??"]

1. e4 e6 2. d4 d5 3. e5 c5 4. c3 Nc6 5. Nf3 Qb6 6. Be2 Bd7 7. O-O f6 8. dxc5
Bxc5 9. b4 Be7 10. Be3 Qc7 11. exf6 Nxf6 12. Na3 a6 13. Nc2 O-O 14. Bd3 e5 15.
Be2 b5 16. Bg5 Be6 17. Re1 Ne4 18. Bxe7 Qxe7 19. Qc1 Nxc3 20. Nxe5 Nxe5 21. Qe3
Nxe2+ 22. Rxe2 Bf5 23. Nd4 Rae8 24. Rae1 Bd3 25. Qxe5 Bxe2 26. Qxd5+ Kh8 27.
Qb3 Bc4 28. Rxe7 Bxb3 29. Rxe8 Rxe8 0-1

[Event "Interclubs Adultes"]
[Site "?"]
[Date "2004.01.18"]
[Round "4.7"]
[White "Didier, Eric"]
[Black "Charbonnier, Christophe"]
[Result "0-1"]
[WhiteElo "1410"]
[BlackElo "1730"]
[PlyCount "63"]
[EventDate "2004.??.??"]

1. c4 Nf6 2. Nc3 g6 3. g3 Bg7 4. Bg2 e6 5. e4 d6 6. d3 O-O 7. Nf3 Nc6 8. O-O
Re8 9. a3 e5 10. Re1 Bg4 11. Qd2 Qd7 12. Nd5 Rad8 13. Nxf6+ Bxf6 14. Qh6 Bg7
15. Qh4 Bxf3 16. Bxf3 Nd4 17. Bd1 Rf8 18. Bh6 f5 19. Bxg7 Kxg7 20. f4 exf4 21.
Qxf4 Rde8 22. Qe3 c5 23. b4 Re7 24. Ra2 fxe4 25. Qg5 h6 26. Qd5 Re5 27. Rxe4
Rxd5 28. cxd5 Qf5 29. Rf4 Qxd3 30. Rxf8 Kxf8 31. Rf2+ Kg7 32. Be2 0-1

[Event "Interclubs Adultes"]
[Site "?"]
[Date "2004.01.18"]
[Round "4.8"]
[White "Vicari, Adrien"]
[Black "Lenglet, Francis"]
[Result "0-1"]
[WhiteElo "1199"]
[BlackElo "1320"]
[PlyCount "86"]
[EventDate "2004.??.??"]

1. d4 e5 2. c3 Nc6 3. Nf3 e4 4. Ne5 Qf6 5. Ng4 Qg6 6. e3 d5 7. Be2 f5 8. h3
fxg4 9. Bxg4 Bxg4 10. Qxg4 Qxg4 11. hxg4 O-O-O 12. O-O Be7 13. f3 h5 14. gxh5
Nf6 15. Nd2 Rxh5 16. g4 Rg5 17. Kg2 exf3+ 18. Kxf3 Nxg4 19. e4 Nh2+ 20. Ke2
Nxf1 21. Nxf1 Rg2+ 22. Kf3 Rg6 23. Ne3 dxe4+ 24. Kxe4 Bg5 25. b4 Re8+ 26. Kd3
Bxe3 27. Bxe3 Rg3 28. Re1 Ne7 29. Rg1 Rxg1 30. Bxg1 Nf5 31. a4 g5 32. c4 g4 33.
b5 g3 34. c5 Re1 35. Kc4 Rxg1 36. d5 Rc1+ 37. Kb4 g2 38. a5 g1=Q 39. a6 Qxc5+
40. Ka4 Qc4+ 41. Ka3 Rc3+ 42. Kb2 Qb4+ 43. Ka1 Ra3# 0-1

[Event "Interclubs Adultes"]
[Site "?"]
[Date "2004.01.18"]
[Round "4.1"]
[White "Wambst, Guillaume"]
[Black "Thiriet, Benoit"]
[Result "0-1"]
[WhiteElo "2013"]
[BlackElo "2202"]
[PlyCount "72"]
[EventDate "2004.??.??"]

1. e4 d5 2. exd5 Qxd5 3. Nc3 Qd6 4. d4 Nf6 5. Bc4 a6 6. Nge2 b5 7. Bb3 Bb7 8.
Bf4 Qd7 9. f3 e6 10. Be3 Be7 11. O-O O-O 12. Ng3 Rd8 13. Nce4 Nd5 14. Bf2 Nc6
15. c3 Na5 16. Bc2 Nc4 17. Qc1 Bd6 18. Nxd6 cxd6 19. a4 Ncb6 20. a5 Nc8 21. Nh5
Qe7 22. Nf4 Nxf4 23. Qxf4 Na7 24. Bh4 f6 25. Qg4 Bd5 26. Rfe1 Qf7 27. f4 Rf8
28. f5 e5 29. Re3 Nc6 30. Rh3 exd4 31. cxd4 Nb4 32. Bb1 Rac8 33. Rc3 Qe7 34.
Qd1 Rxc3 35. bxc3 Qe3+ 36. Bf2 Qxc3 0-1

[Event "Interclubs Adultes"]
[Site "?"]
[Date "2004.01.18"]
[Round "4.2"]
[White "Mulas, Gianmmarco"]
[Black "Rossi, Giovanni"]
[Result "1/2-1/2"]
[WhiteElo "2125"]
[BlackElo "1959"]
[PlyCount "55"]
[EventDate "2004.??.??"]

1. e4 e5 2. Nf3 Nc6 3. Bc4 Nf6 4. O-O Nxe4 5. d4 d5 6. Re1 exd4 7. Bxd5 Qxd5 8.
Nc3 Qa5 9. Nxe4 Be6 10. Neg5 O-O-O 11. Nxe6 fxe6 12. Rxe6 Bd6 13. Bg5 Rde8 14.
Qe2 Ne5 15. Nxd4 Rxe6 16. Nxe6 Re8 17. Bd2 Nf3+ 18. gxf3 Qh5 19. h4 Qg6+ 20.
Kf1 Rxe6 21. Be3 Bh2 22. Ke1 Bf4 23. Rd1 Bxe3 24. fxe3 Qg1+ 25. Kd2 Rd6+ 26.
Kc1 Rxd1+ 27. Qxd1 Qxe3+ 28. Kb1 1/2-1/2

[Event "Interclubs Adultes"]
[Site "?"]
[Date "2004.01.18"]
[Round "4.4"]
[White "Chamba, Antoine"]
[Black "Moissonnier, Noel"]
[Result "1/2-1/2"]
[WhiteElo "1990"]
[BlackElo "1820"]
[PlyCount "52"]
[EventDate "2004.??.??"]

1. Nf3 f5 2. c4 Nf6 3. Nc3 c5 4. b3 Nc6 5. Bb2 e5 6. g3 Be7 7. Bh3 d6 8. a3 Bd7
9. e3 h6 10. Nh4 Qc8 11. Nd5 Rf8 12. Nxf6+ Rxf6 13. Qh5+ Kd8 14. f4 Be8 15. Qe2
Bd7 16. fxe5 dxe5 17. Qd3 Rd6 18. Qe2 g5 19. Nf3 g4 20. Bxg4 fxg4 21. Nxe5 Nxe5
22. Bxe5 Re6 23. Bc3 Qc6 24. O-O h5 25. Rf2 Kc7 26. Raf1 Qe4 1/2-1/2

[Event "Interclubs Adultes"]
[Site "?"]
[Date "2004.01.18"]
[Round "4.5"]
[White "Radawiec, William"]
[Black "Anthoine-Milhomme, Jean-Pierre"]
[Result "0-1"]
[WhiteElo "1780"]
[BlackElo "1960"]
[PlyCount "96"]
[EventDate "2004.??.??"]

1. c4 Nf6 2. d4 c5 3. Nc3 cxd4 4. Qxd4 Nc6 5. Qd1 e6 6. Nf3 d5 7. cxd5 exd5 8.
e3 Bb4 9. Bd2 O-O 10. Be2 Re8 11. O-O Bg4 12. Rc1 a6 13. Qb3 Qd7 14. Rfd1 Rad8
15. Na4 Bxd2 16. Rxd2 Ne4 17. Rdd1 Na5 18. Qb4 Nc6 19. Qb3 b5 20. Nc5 Nxc5 21.
Rxc5 Be6 22. Nd4 Nxd4 23. Rxd4 Rc8 24. Rxc8 Rxc8 25. Qd1 Qc6 26. e4 Qc1 27.
exd5 Bd7 28. Qxc1 Rxc1+ 29. Bd1 Kf8 30. h3 Ke7 31. Rd2 Kd6 32. f4 Bf5 33. Kf2
Be4 34. Bf3 Bxf3 35. Kxf3 f5 36. b4 Rc4 37. a3 Rc3+ 38. Kf2 Rxa3 39. Rd4 Rb3
40. g3 h5 41. h4 g6 42. Kg2 Ra3 43. Kf2 a5 44. bxa5 Rxa5 45. Ke2 Ra3 46. Kf2
Rc3 47. Rd2 Rc5 48. Ra2 Kxd5 0-1

[Event "Interclubs Adultes"]
[Site "?"]
[Date "2004.01.18"]
[Round "4.6"]
[White "Wagner, Bruno"]
[Black "Martin, Gerard"]
[Result "1-0"]
[WhiteElo "1928"]
[BlackElo "1760"]
[PlyCount "122"]
[EventDate "2004.??.??"]

1. d4 d5 2. Nc3 Nf6 3. e4 dxe4 4. f3 exf3 5. Nxf3 Bg4 6. h3 Bxf3 7. Qxf3 c6 8.
Be3 e6 9. Bd3 Be7 10. O-O-O Nbd7 11. g4 Nb6 12. Rhf1 O-O 13. Ne4 Nbd5 14. Bd2
Nxe4 15. Qxe4 Nf6 16. Rxf6 g6 17. Rf3 Qb6 18. Bh6 Rfd8 19. c3 Rd7 20. Qe5 Bf8
21. g5 Rd5 22. Qf6 Qc7 23. Rdf1 Rd7 24. Bc4 Qd8 25. Bxe6 Qxf6 26. Rxf6 Bxh6 27.
Bxd7 Bxg5+ 28. Kc2 Bxf6 29. Rxf6 Kg7 30. Rf2 Rd8 31. Bg4 f5 32. Bf3 Kf6 33. Re2
Rd7 34. h4 h6 35. Kd2 g5 36. hxg5+ hxg5 37. Rg2 Rg7 38. Ke3 Re7+ 39. Kf2 g4 40.
Bxg4 fxg4 41. Rxg4 Kf5 42. Rg8 Kf4 43. Rf8+ Kg4 44. a4 a6 45. b3 Kg5 46. Rf3
Kg4 47. Re3 Rd7 48. Ke2 Kf4 49. Re5 Rh7 50. Kd3 Rh3+ 51. Kc4 b5+ 52. axb5 axb5+
53. Kb4 Rh6 54. Rc5 Rd6 55. c4 bxc4 56. Kxc4 Ke4 57. Re5+ Kf4 58. Kc5 Rg6 59.
Re8 Rh6 60. Rc8 Ke4 61. Rxc6 Rh5+ 1-0

[Event "Interclubs Adultes"]
[Site "?"]
[Date "2004.01.18"]
[Round "4.1"]
[White "Thevenet, Yann"]
[Black "Mujic, Saban"]
[Result "1-0"]
[WhiteElo "2138"]
[BlackElo "1940"]
[PlyCount "45"]
[EventDate "2004.??.??"]

1. e4 c5 2. Nf3 Nc6 3. b4 e6 4. b5 Na5 5. c4 Nf6 6. e5 Ng8 7. Bb2 b6 8. Be2 g6
9. d4 cxd4 10. Nxd4 Bb4+ 11. Nc3 Ne7 12. O-O O-O 13. Ne4 Kg7 14. Nd6 Nb7 15. f4
Bc5 16. Kh1 Bxd4 17. Qxd4 Qc7 18. f5 Kg8 19. f6 Nf5 20. Nxf5 exf5 21. Qh4 Kh8
22. Qh6 Rg8 23. Rf3 1-0

[Event "Interclubs Adultes"]
[Site "?"]
[Date "2004.01.18"]
[Round "4.2"]
[White "Bellon, Yves"]
[Black "Merle, Florent"]
[Result "0-1"]
[WhiteElo "1880"]
[BlackElo "1980"]
[PlyCount "66"]
[EventDate "2004.??.??"]

1. c4 e5 2. Nc3 d6 3. e4 c6 4. Nf3 f5 5. d3 Nf6 6. g3 Be7 7. Bg2 O-O 8. O-O
Nbd7 9. exf5 Nb6 10. c5 Nbd5 11. cxd6 Bxd6 12. Re1 Nxc3 13. bxc3 Qc7 14. Qb3+
Kh8 15. Rb1 Ng4 16. Ba3 Bxa3 17. Qxa3 Bxf5 18. Rbd1 Qb6 19. d4 exd4 20. cxd4
Rad8 21. h3 Nf6 22. Re5 Nd7 23. Re7 c5 24. Qe3 Nf6 25. Qg5 Bg6 26. Nh4 Bf7 27.
Nf5 g6 28. Nh6 Bd5 29. Rde1 Bxg2 30. R1e6 Bc6 31. Kh2 Qb1 32. Re1 Qxa2 33. Nf5
Qxf2# 0-1

[Event "Interclubs Adultes"]
[Site "?"]
[Date "2004.01.18"]
[Round "4.3"]
[White "Vernay, Denis"]
[Black "Massard, Christian"]
[Result "1/2-1/2"]
[WhiteElo "1931"]
[BlackElo "1830"]
[PlyCount "89"]
[EventDate "2004.??.??"]

1. c4 Nf6 2. Nf3 g6 3. d4 Bg7 4. g3 O-O 5. Bg2 c6 6. Nc3 d5 7. cxd5 Nxd5 8. O-O
Bf5 9. a3 Nxc3 10. bxc3 Be4 11. Qb3 Qc8 12. Be3 Na6 13. Rad1 Nc7 14. Ne1 Bxg2
15. Nxg2 Nd5 16. Bc1 Nf6 17. Nf4 Rd8 18. Nd3 Qh3 19. f3 Nh5 20. Nf2 Qc8 21. Ne4
Nf6 22. Kg2 Nxe4 23. fxe4 e6 24. Bg5 Rd7 25. Bf6 c5 26. d5 c4 27. Qb5 exd5 28.
Rxd5 Rxd5 29. Qxd5 Qe6 30. Bxg7 Kxg7 31. Rb1 Re8 32. Qxe6 Rxe6 33. Rxb7 Ra6 34.
Rc7 Rxa3 35. Rxc4 a5 36. Kf3 a4 37. Ke3 Ra2 38. Rc6 a3 39. Ra6 Ra1 40. c4 h5
41. c5 Rc1 42. Kd4 Ra1 43. Kd5 a2 44. Kc6 Kf6 45. Kd7+ 1/2-1/2

[Event "Interclubs Adultes"]
[Site "?"]
[Date "2004.01.18"]
[Round "4.4"]
[White "Bednar, Emile"]
[Black "Nyd, Christopher"]
[Result "1/2-1/2"]
[WhiteElo "1840"]
[BlackElo "1770"]
[PlyCount "76"]
[EventDate "2004.??.??"]

1. Nf3 Nf6 2. d4 d5 3. c4 c6 4. e3 Bf5 5. Nc3 e6 6. Bd3 Bxd3 7. Qxd3 Nbd7 8.
O-O Bd6 9. c5 Bc7 10. b4 O-O 11. a4 b6 12. Ba3 bxc5 13. bxc5 Ba5 14. Nd2 Qc7
15. f4 Rab8 16. Rab1 Rxb1 17. Rxb1 Rb8 18. h3 Bxc3 19. Rxb8+ Qxb8 20. Qxc3 h6
21. Qb4 Qxb4 22. Bxb4 Ne4 23. Nb3 g5 24. Na5 Nb8 25. Be1 f6 26. g3 Kf7 27. Kg2
e5 28. fxg5 hxg5 29. g4 Ke6 30. Nb7 Kd7 31. Kf3 Kc7 32. Na5 exd4 33. exd4 Nd7
34. Nb3 Nf8 35. h4 gxh4 36. Bxh4 Ne6 37. Be1 Kd7 38. Ke3 N6g5 1/2-1/2

[Event "Interclubs Adultes"]
[Site "?"]
[Date "2004.01.18"]
[Round "4.5"]
[White "Montoya, Alain"]
[Black "Vier, Serge"]
[Result "1-0"]
[WhiteElo "1680"]
[BlackElo "1730"]
[PlyCount "61"]
[EventDate "2004.??.??"]

1. e4 e6 2. d4 d5 3. e5 c5 4. c3 Nc6 5. Nf3 Bd7 6. Bd3 cxd4 7. cxd4 Rc8 8. a3
Nge7 9. Nc3 Qb6 10. O-O Nxd4 11. Nxd4 Qxd4 12. Qe2 Nc6 13. Re1 Be7 14. Nb5 Qb6
15. Nd6+ Bxd6 16. exd6 Qd8 17. Qh5 Kf8 18. Bg5 f6 19. Qf3 Be8 20. Bf4 Bf7 21.
Rad1 e5 22. Bf5 Ra8 23. d7 Nb8 24. Bxe5 fxe5 25. Be6 Ke7 26. Qxf7+ Kd6 27. Bxd5
Nxd7 28. Bxb7+ Kc7 29. Bxa8 Rf8 30. Rxd7+ Qxd7 31. Rc1+ 1-0

[Event "Interclubs Adultes"]
[Site "?"]
[Date "2004.01.18"]
[Round "4.6"]
[White "Farge, Damien"]
[Black "Domenech, Francois"]
[Result "1-0"]
[WhiteElo "1600"]
[BlackElo "1620"]
[PlyCount "111"]
[EventDate "2004.??.??"]

1. e4 c6 2. d4 d5 3. exd5 cxd5 4. Nc3 Nf6 5. Nf3 Nc6 6. Bf4 a6 7. Ne5 e6 8. Na4
Nxe5 9. Bxe5 Be7 10. c4 dxc4 11. Bxc4 b5 12. Qf3 Rb8 13. Bxb8 bxc4 14. Be5 O-O
15. Qc6 Nd5 16. O-O Bf6 17. Qxc4 Bxe5 18. dxe5 Qg5 19. Qe4 f5 20. exf6 Rxf6 21.
Rac1 Bb7 22. Rc5 Rf7 23. Qxe6 Qxg2+ 24. Kxg2 Nf4+ 25. Kg3 Nxe6 26. Re1 Rf3+ 27.
Kg4 Rf4+ 28. Kg3 Nxc5 29. Nxc5 Rf3+ 30. Kg4 h5+ 31. Kxh5 Rf5+ 32. Kg6 Rf6+ 33.
Kg5 Bg2 34. f4 Bh3 35. Re5 Kh7 36. f5 Rb6 37. b3 Rb4 38. Re4 Rb5 39. Rh4+ Kg8
40. Rxh3 Rxc5 41. a4 Kf7 42. Rh7 Kg8 43. Rh5 Rc3 44. b4 Rb3 45. Rh4 Kf7 46. Rf4
Rb2 47. h4 Rg2+ 48. Rg4 Rd2 49. h5 Rd5 50. a5 Rd6 51. Rh4 Rd5 52. h6 g6 53. h7
Rxf5+ 54. Kg4 Rb5 55. h8=Q Rxb4+ 56. Kf3 1-0

[Event "Interclubs Adultes"]
[Site "?"]
[Date "2004.01.18"]
[Round "4.7"]
[White "Hurault, Frederic"]
[Black "Vinot, Raoul"]
[Result "1/2-1/2"]
[WhiteElo "1700"]
[BlackElo "1580"]
[PlyCount "86"]
[EventDate "2004.??.??"]

1. c4 c5 2. Nf3 Nc6 3. g3 Nf6 4. Bg2 e6 5. a3 Be7 6. Qa4 O-O 7. d3 d5 8. cxd5
exd5 9. O-O Re8 10. d4 c4 11. Nc3 Bd7 12. Qc2 Qc8 13. Ng5 Nxd4 14. Qb1 h6 15.
Nf3 Nxf3+ 16. Bxf3 d4 17. Nd5 Bf5 18. Nxe7+ Rxe7 19. Qa2 Be4 20. Kg2 Bxf3+ 21.
exf3 Qc6 22. Rd1 Rd8 23. Be3 d3 24. Rac1 b5 25. a4 a6 26. axb5 axb5 27. b3 c3
28. Qa5 Rc7 29. Bf4 Rcc8 30. Be5 c2 31. Rd2 Ne4 32. fxe4 Qxe4+ 33. Kg1 Qxe5 34.
Rcxc2 Ra8 35. Qc3 Qe4 36. Rc1 b4 37. Qc4 Qd4 38. Qxd4 Rxd4 39. Rc4 Rxc4 40.
bxc4 Ra3 41. f4 Kf8 42. Kf2 Rc3 43. Ke3 Rxc4 1/2-1/2

[Event "Interclubs Adultes"]
[Site "?"]
[Date "2004.01.18"]
[Round "4.8"]
[White "Gregoire, Michele"]
[Black "Vernet, Renaud"]
[Result "1-0"]
[WhiteElo "1499"]
[BlackElo "1499"]
[PlyCount "74"]
[EventDate "2004.??.??"]

1. d4 e6 2. g3 d5 3. Bg2 Nf6 4. e3 Nc6 5. Nf3 Bd6 6. b3 Ne4 7. Bb2 Qf6 8. O-O
Bd7 9. a3 e5 10. Nbd2 Bg4 11. h3 Nxd2 12. Qxd2 Bxf3 13. Rae1 e4 14. Bxf3 exf3
15. e4 Bf4 16. exd5+ Ne7 17. Qxf4 Qxf4 18. gxf4 f6 19. Re3 Kf7 20. c4 Nf5 21.
Rxf3 Rae8 22. a4 Re2 23. Bc3 Rhe8 24. c5 b6 25. cxb6 cxb6 26. Rd1 Rc2 27. b4
Re4 28. b5 Nh4 29. Rg3 Rxf4 30. Rf1 Nf3+ 31. Kg2 Rxc3 32. Rd1 g5 33. Kh1 Rc2
34. Rg2 Nh4 35. Rh2 Ke7 36. f3 Rxh2+ 37. Kxh2 Nxf3+ {38.d6+ impossible} 1-0

[Event "Interclubs Adultes"]
[Site "?"]
[Date "2004.01.18"]
[Round "4.1"]
[White "Martin, Bruno"]
[Black "Ientile, Pascal"]
[Result "1/2-1/2"]
[WhiteElo "2030"]
[BlackElo "1980"]
[PlyCount "70"]
[EventDate "2004.??.??"]

1. d4 d5 2. c4 Nc6 3. Nc3 Nf6 4. Nf3 Bg4 5. Ne5 Nxe5 6. dxe5 d4 7. Nb5 c6 8.
Nxd4 Qa5+ 9. Qd2 Qxe5 10. Qf4 Qxf4 11. Bxf4 e5 12. Bxe5 Bb4+ 13. Kd1 Ne4 14.
Kc2 Nxf2 15. Rg1 O-O 16. h3 Bh5 17. g4 Bg6+ 18. Nf5 f6 19. Bd4 Ne4 20. a3 Bc5
21. e3 Rfe8 22. Rd1 Rad8 23. b4 Bxd4 24. exd4 Ng5 25. Rg3 Ne6 26. Kc3 Nf4 27.
c5 Bxf5 28. gxf5 Ne2+ 29. Bxe2 Rxe2 30. Rdg1 Re7 31. a4 Rd5 32. Rf1 Red7 33.
Rg4 a6 34. Re4 Kf7 35. h4 h6 1/2-1/2

[Event "Interclubs Adultes"]
[Site "?"]
[Date "2004.01.18"]
[Round "4.2"]
[White "Debray, Tristan"]
[Black "Pomat, Jerome"]
[Result "1-0"]
[WhiteElo "2062"]
[BlackElo "1720"]
[PlyCount "69"]
[EventDate "2004.??.??"]

1. e4 d6 2. d4 Nf6 3. Nc3 c6 4. f4 d5 5. e5 Ng8 6. Nf3 Bf5 7. Bd3 e6 8. Bxf5
exf5 9. Qd3 Qd7 10. O-O Be7 11. Re1 Na6 12. a3 Nc7 13. Be3 h5 14. Na4 Rh6 15.
Bf2 O-O-O 16. Nc5 Bxc5 17. dxc5 Ne6 18. g3 Ne7 19. b4 Rdh8 20. h4 Rg6 21. Kf1
Rg4 22. Rad1 Rh6 23. c4 Rhg6 24. Nh2 Nxf4 25. gxf4 Rg2 26. Nf3 R6g4 27. Ng5 Qc7
28. cxd5 cxd5 29. Qf3 Ng6 30. Rd4 Qc6 31. Qxg2 Rxg2 32. Kxg2 f6 33. exf6 Qxf6
34. Re6 Nxf4+ 35. Rxf4 1-0

[Event "Interclubs Adultes"]
[Site "?"]
[Date "2004.01.18"]
[Round "4.3"]
[White "Rasle, Jean-Michel"]
[Black "Floc'H, Romain"]
[Result "0-1"]
[WhiteElo "1720"]
[BlackElo "1960"]
[PlyCount "34"]
[EventDate "2004.??.??"]

1. d4 Nf6 2. c4 c5 3. d5 e6 4. Nc3 exd5 5. cxd5 d6 6. Nf3 g6 7. Bg5 Bg7 8. Qa4+
Nbd7 9. Qf4 O-O 10. Qxd6 Qa5 11. Bd2 b5 12. Nb1 b4 13. Qf4 Nxd5 14. Qc4 Bxb2
15. Qxd5 Nb6 16. Qb3 Bxa1 17. Na3 Qxa3 0-1

[Event "Interclubs Adultes"]
[Site "?"]
[Date "2004.01.18"]
[Round "4.4"]
[White "Sainseaux, Patrice"]
[Black "Ancian, Michel"]
[Result "1-0"]
[WhiteElo "1910"]
[BlackElo "1470"]
[PlyCount "81"]
[EventDate "2004.??.??"]

1. e4 d5 2. exd5 Nf6 3. c4 c6 4. d4 cxd5 5. c5 Nc6 6. Nf3 Bf5 7. Be2 h6 8. a3
e6 9. b4 Be7 10. O-O O-O 11. Nc3 Ne4 12. Qb3 Nxc3 13. Qxc3 Bf6 14. Be3 Re8 15.
Bb5 a6 16. Bxc6 bxc6 17. Bf4 Be7 18. Ne5 Qc8 19. Qg3 Kf8 20. Rfe1 f6 21. Ng4
Bxg4 22. Qxg4 Bd8 23. Bd6+ Kg8 24. Re3 f5 25. Qg6 Bf6 26. Be5 Rf8 27. Qg3 Ra7
28. Bxf6 Rxf6 29. Qe5 Qc7 30. f4 Qxe5 31. fxe5 Rg6 32. h3 h5 33. Rb1 f4 34.
Reb3 Rf7 35. Kf2 h4 36. a4 f3 37. Rxf3 Rxf3+ 38. gxf3 Rg3 39. b5 axb5 40. axb5
cxb5 41. c6 1-0

[Event "Interclubs Adultes"]
[Site "?"]
[Date "2004.01.18"]
[Round "4.5"]
[White "Berge, Pierre"]
[Black "Vincent, Jean-Christophe"]
[Result "1-0"]
[WhiteElo "1540"]
[BlackElo "1890"]
[PlyCount "69"]
[EventDate "2004.??.??"]

1. c4 a6 2. g3 b5 3. Bg2 Nc6 4. b3 bxc4 5. bxc4 Rb8 6. Nc3 e6 7. Rb1 Rxb1 8.
Nxb1 Ne5 9. Qa4 Nf6 10. Nf3 Bb7 11. O-O Nxf3+ 12. exf3 Qa8 13. Qb3 Ng4 14. d4
c5 15. d5 Nf6 16. Re1 Be7 17. Bb2 O-O 18. Nd2 Rb8 19. Qc3 Nh5 20. dxe6 dxe6 21.
Ne4 Nf6 22. Qe5 Ne8 23. Bc3 Bxe4 24. Qxe4 Qxe4 25. fxe4 Rd8 26. Bf1 Nc7 27. Rb1
Bf8 28. Ba5 Rc8 29. Rb7 Bd6 30. Rb6 Ne8 31. Rxa6 Rb8 32. Bb6 Nf6 33. f3 h6 34.
a4 Nd7 35. a5 {suite illisible} 1-0

[Event "Interclubs Adultes"]
[Site "?"]
[Date "2004.01.18"]
[Round "4.6"]
[White "Ravot, Cyril"]
[Black "Lefevre, Margaux"]
[Result "1-0"]
[WhiteElo "1790"]
[BlackElo "1520"]
[PlyCount "111"]
[EventDate "2004.??.??"]

1. e4 e6 2. d4 d5 3. e5 c5 4. c3 Qb6 5. Nf3 Nc6 6. dxc5 Bxc5 7. Qc2 Bd7 8. Bd3
h6 9. Bf4 Rc8 10. a3 a5 11. O-O Be7 12. Nbd2 g5 13. Bg3 g4 14. Nh4 Bxh4 15.
Bxh4 Nxe5 16. Be2 h5 17. Kh1 Ng6 18. Bg5 Ne5 19. f4 gxf3 20. Nxf3 Nxf3 21. Rxf3
d4 22. Raf1 f5 23. Bd3 dxc3 24. Bxf5 exf5 25. Re1+ Kf7 26. Rxf5+ Bxf5 27. Qxf5+
Kg7 28. Qd7+ Kg6 29. Re6+ Qxe6 30. Qxe6+ Kxg5 31. Qxc8 cxb2 32. Qc2 Nf6 33.
Qxb2 Re8 34. h3 h4 35. Qb5+ Kg6 36. Qxa5 Rg8 37. Qb4 Rg7 38. Qxh4 Rh7 39. Qg3+
Kf7 40. Qe5 Kg6 41. Kg1 Rh5 42. Qg3+ Rg5 43. Qd3+ Kf7 44. Qc4+ Rd5 45. Kf2 Ke7
46. Qc7+ Rd7 47. Qe5+ Kf7 48. g4 Re7 49. Qf5 Kg7 50. Kf3 Rf7 51. Kg3 Nh7 52.
Qe5+ Kf8 53. g5 Rg7 54. h4 Kg8 55. Kg4 Nf8 56. h5 1-0

[Event "Interclubs Adultes"]
[Site "?"]
[Date "2004.01.18"]
[Round "4.7"]
[White "Mech, Emmanuel"]
[Black "Mas, Bernard"]
[Result "1-0"]
[WhiteElo "1530"]
[BlackElo "1620"]
[PlyCount "59"]
[EventDate "2004.??.??"]

1. f4 d5 2. Nf3 e6 3. e3 Nf6 4. b3 Be7 5. Bb2 O-O 6. Bd3 Nbd7 7. Nc3 c6 8. h3
Re8 9. Qe2 Qc7 10. O-O-O b5 11. Rdg1 a5 12. g4 e5 13. fxe5 Nxe5 14. Nxe5 Qxe5
15. Nxb5 Qb8 16. Nd4 c5 17. Nc6 Qb7 18. Nxe7+ Qxe7 19. Bb5 Bd7 20. g5 Ne4 21.
h4 Nd6 22. Bxd7 Qxd7 23. h5 d4 24. Qf3 dxe3 25. dxe3 Qe6 26. h6 a4 27. hxg7 a3
28. Bf6 Ne4 29. Rxh7 Kxh7 30. Qh5+ 1-0

[Event "Interclubs Adultes"]
[Site "?"]
[Date "2004.01.18"]
[Round "4.8"]
[White "Parard, Sylvain"]
[Black "Martignago, Clement"]
[Result "1-0"]
[WhiteElo "1499"]
[BlackElo "1199"]
[PlyCount "129"]
[EventDate "2004.??.??"]

1. d4 d5 2. c4 dxc4 3. Nc3 e6 4. e4 Nc6 5. Nf3 Bb4 6. Bxc4 Nge7 7. a3 Ba5 8.
O-O Ng6 9. d5 exd5 10. exd5 Nce7 11. Qa4+ Bd7 12. Qxa5 b6 13. Qb4 c5 14. Qb3
O-O 15. Re1 h6 16. Ne5 Nxe5 17. Rxe5 Ng6 18. Re1 Qf6 19. Ne4 Qh4 20. Ng3 Rfe8
21. Bd2 Ne5 22. Be2 Re7 23. Bc3 Rae8 24. d6 Re6 25. Nf5 Qf4 26. Ne7+ Kf8 27.
Bxe5 Qxe5 28. Qd1 Rxd6 29. Qc1 Qxe7 30. Bc4 Qf6 31. Rxe8+ Bxe8 32. h3 Qd4 33.
b3 Bc6 34. a4 Qe4 35. f3 Qd4+ 36. Kf1 Qf6 37. Kf2 Rd8 38. Ra2 Rb8 39. Qe3 Rd8
40. a5 b5 41. Qxc5+ Qd6 42. Qxd6+ Rxd6 43. Be2 Bd5 44. Rd2 b4 45. Bc4 Bxc4 46.
Rxd6 Bxb3 47. Rd8+ Ke7 48. Rb8 Kd6 49. Rxb4 Be6 50. a6 Kc5 51. Rb7 Bd5 52. Rxa7
Kb6 53. Rd7 Be6 54. Rd6+ Ka7 55. h4 h5 56. Ke3 g6 57. Kf4 Bc4 58. Kg5 Ba2 59.
Kf6 Bc4 60. Rd7+ Kxa6 61. Rxf7 Bxf7 62. Kxf7 g5 63. hxg5 Kb5 64. g6 Kc5 65. g7
1-0

[Event "Interclubs Adultes"]
[Site "?"]
[Date "2004.02.01"]
[Round "5.1"]
[White "Debray, Tristan"]
[Black "Noharet, Michael"]
[Result "1-0"]
[WhiteElo "2062"]
[BlackElo "1810"]
[PlyCount "55"]
[EventDate "2004.??.??"]

1. e4 e6 2. d3 b6 3. g3 Bb7 4. Bg2 f5 5. Nd2 Nf6 6. Qe2 Be7 7. Ngf3 O-O 8. O-O
c5 9. Re1 fxe4 10. dxe4 Nc6 11. e5 Nd5 12. c4 Ndb4 13. Ne4 Qc7 14. Bf4 Rf5 15.
a3 Na6 16. Rad1 Raf8 17. Qd2 Nab8 18. h4 Na5 19. Bf1 Ba6 20. Qc3 Bb7 21. Qe3
Qc6 22. Bd3 Qa4 23. Nc3 Qb3 24. Nd2 Qxb2 25. Bxf5 Rxf5 26. Rb1 Qxa3 27. Ra1 Qb4
28. Ra4 1-0

[Event "Interclubs Adultes"]
[Site "?"]
[Date "2004.02.01"]
[Round "5.2"]
[White "Bondierlange, Raymond"]
[Black "Floc'H, Romain"]
[Result "1-0"]
[WhiteElo "1740"]
[BlackElo "1960"]
[PlyCount "77"]
[EventDate "2004.??.??"]

1. e4 c5 2. c3 d5 3. exd5 Qxd5 4. d4 Nc6 5. Nf3 Bg4 6. Be2 e6 7. O-O Nf6 8. Be3
cxd4 9. cxd4 Be7 10. Nc3 Qd7 11. Ne5 Nxe5 12. dxe5 Qxd1 13. Bxd1 Bxd1 14. exf6
Bxf6 15. Rfxd1 O-O 16. Rd7 b6 17. Rad1 Rfc8 18. g3 h6 19. Bd4 e5 20. Be3 e4 21.
Bd4 Bxd4 22. R1xd4 f5 23. R4d5 Rf8 24. Rc7 Rf6 25. Rdd7 Rg6 26. Nd5 Kh8 27. Nf4
Rg5 28. Ne6 Rg6 29. Nxg7 f4 30. Nf5 f3 31. Rh7+ Kg8 32. Nxh6+ Rxh6 33. Rxh6 Rd8
34. h4 Rd1+ 35. Kh2 Rd2 36. Re6 Rxf2+ 37. Kg1 Rg2+ 38. Kf1 Kf8 39. Rxe4 1-0